| 000 | 01002nam a22002657a 4500 | ||
|---|---|---|---|
| 001 | 4935 | ||
| 003 | FISKH | ||
| 005 | 20241025124351.0 | ||
| 008 | 241025b cb ||||| |||| 00| 0 eng d | ||
| 020 | _a078073005994 | ||
| 040 |
_aFISKH _beng _cFISKH _dFISKH |
||
| 050 | _aHD5325.C62 | ||
| 082 | _a331.479288709747109041 | ||
| 100 | _aDash, Joan | ||
| 245 |
_aWe Shall Not Be Moved : _bThe Women's Factory Strike of 1909 / _cby Joan Dash |
||
| 260 |
_aNew York : _bScholastic ; _c1996 . |
||
| 300 |
_a165 pages : _billustrations ; _c20 cm . |
||
| 505 | _aZ | ||
| 520 | _aDescribes the conditions that gave rise to efforts to secure better working conditions for the women working in the garment industry in early twentieth-century New York and led to the formation of the Women's Trade Union League and the first women's strike in 1909. | ||
| 521 | 8 |
_a1170
_bLexile |
|
| 521 | 8 |
_aZ
_bRaz-Plus |
|
| 650 |
_aAmerican history _vnon-fiction |
||
| 942 |
_2ddc _cBK _n0 |
||
| 999 |
_c4935 _d4935 |
||